!... Y no teníamos voz ! /
Gardado en:
| Formato: | Desconocido |
|---|---|
| Idioma: | Spanish |
| Publicado: |
Loja, Ecuador :
Unión Popular de Mujeres de Loja
|
| Materias: | |
| Etiquetas: |
Engadir etiqueta
Sen Etiquetas, Sexa o primeiro en etiquetar este rexistro!
|
MARC
| LEADER | 00000 a2200000 04500 | ||
|---|---|---|---|
| 001 | 49360 | ||
| 003 | |||
| 008 | 050607s1985 ec AO spa d | ||
| 040 | |||
| 020 | |a [sin ISBN] | ||
| 022 | |a [sin ISBN] | ||
| 245 | |a !... Y no teníamos voz ! / |c Unión Popular de Mujeres de Loja | ||
| 260 | |a Loja, Ecuador : |b Unión Popular de Mujeres de Loja | ||
| 300 | |b il. |b fotografías | ||
| 500 | |a Colección Alforja | ||
| 650 | |a MUJERES | ||
| 650 | |2 Macrotesauro de la OCDE | ||
| 650 | |a UNION POPULAR DE MUJERES DE LOJA | ||
| 650 | |2 Listado unificado del CIDCACS | ||
| 650 | |a CAMPESINAS | ||
| 650 | |2 Listado unificado del CIDCACS | ||
| 650 | |a PROMOCION SOCIAL | ||
| 650 | |2 Macrotesauro del CIDCSO | ||
| 650 | |a PASTORAL SOCIAL | ||
| 650 | |2 Listado unificado del CIDCACS | ||
| 651 | |a Ecuador | ||
| 999 | |c 11000 |d 11000 | ||
